Členské kvóty v Medzinárodnom menovom fonde a ich reforma

Finančná kríza z roku 2008 postihla tak rozvinuté, ako aj rozvíjajúce a rozvojové krajiny. Súčasne odhalila potrebu reformovať medzinárodný menový systém a medzinárodných menových inštitúcií. Predstavitelia štátov skupiny G-20 sa snažili reagovať na vzniknutú situáciu na najvyššej politickej úrovni...

Ausführliche Beschreibung

Gespeichert in:
Bibliographische Detailangaben
1. Verfasser: Kováčová, Jana
Weitere Verfasser: Šturc, Boris, 1961-
Format: Buchkapitel
Sprache:Slowakisch
Schlagworte:
Tags: Tag hinzufügen
Keine Tags, Fügen Sie das erste Tag hinzu!

MARC

LEADER 00000nla a2200000 4500
001 0226028
005 20240502073718.1
041 0 |a slo 
044 |a SK 
245 1 0 |a Členské kvóty v Medzinárodnom menovom fonde a ich reforma  |c Jana Kováčová, Boris Šturc 
520 |a Finančná kríza z roku 2008 postihla tak rozvinuté, ako aj rozvíjajúce a rozvojové krajiny. Súčasne odhalila potrebu reformovať medzinárodný menový systém a medzinárodných menových inštitúcií. Predstavitelia štátov skupiny G-20 sa snažili reagovať na vzniknutú situáciu na najvyššej politickej úrovni a na summite v novembri 2008 položili základy koordinovanej akcie. Súčasťou je i reforma medzinárodnej finančnej a menovej architektúry, a teda aj Medzinárodného menového fondu. Reforma členských kvót, ktoré predstavujú jeden z primárnych finančných zdrojov tejto inštitúcie. 
610 2 0 |a systém menový medzinárodný 
610 2 0 |a zdroje finančné 
610 2 0 |a kríza finančná 
610 2 0 |a reformy menové 
610 2 0 |a kvóty 
610 2 0 |a Medzinárodný menový fond 
100 1 |a Kováčová, Jana 
700 1 |a Šturc, Boris, 1961-